Les jeux de société les plus vendus au monde - Statistiques

Statistiques générales
  • Ce quiz a été pris 267 fois
  • Le résultat moyen est 5 sur 10
Statistiques - réponses
Indice Rang Nom % Correct
On fait fortune ou on se ruine en quelques heures quand on y joue 1 Monopoly
99%
Se prendre pour Hercule Poirot ou Sherlock Holmes devient possible 4 Cluedo
81%
Jeu de cartes sans as ni rois mais avec de la couleur 3 Uno
79%
Vocabulaire et stratégie donnent le victoire 2 Scrabble
71%
Hélas, tout le monde n'a pas fait les beaux-arts 7 Pictionnary
55%
Construire son empire est le but de chaque joueur 9 Risk
44%
Répondre correctement à des questions pour avancer "dans le bon sens" 5 Trivial Pursuit
34%
Et pourtant deux feuilles et deux crayons suffisent à y jouer 6 Bataille navale
18%
Règles très simples mais pour gagner mieux vaut réfléchir avant de lâcher 10 Puissance 4
8%
Pour vivre au-dessus de ses moyens pendant un moment et changer son avenir 8 Destins
7%
Aucun quiz correspondant
Distribution des résultats
% des personnes avec chaque résultat
Percentile par nombre de réponses
Votre historique - résultats
Vous n’avez pas pris ce quiz